000
00299nam a22001217a 4500
008
170224b xxu||||| |||| 00| 0 eng d
041
_a
eng
080
_2
5 ED
_a
616 31
100
_a
5
101
_a
SHS
245
_a
CONDUCTION INFILTRATION AND GENERAL ANESTHESIA DENTISTRY
_c
NEVIN.M
942
_2
udc
_c
BK
999
_c
6182
_d
6182